Strange Baby Nicknames Quiz Stats

Quiz Updated Jan 13, 2016

Challenge
Share
Tweet
Embed
Score 0/30 Timer 03:00
3 Plays Today
Ending 'Nicknames' Full Names (alphabetical per B/G) % Correct
ThonyAnthony
95.8%
DrianAdrian
93.9%
XandraAlexandra
91.3%
ThanielNathaniel
89.4%
SaacIsaac
89.4%
CholasNicholas
89.3%
GelinaAngelina
86.9%
ThewMatthew
84.6%
CobJacob
80.3%
SephJoseph
80%
KenzieMackenzie
78.6%
VelynEvelyn
78.1%
MiahJeremiah
77.8%
ManthaSamantha
77.3%
MinicDominic
76.8%
Ending 'Nicknames' Full Names (alphabetical per B/G) % Correct
JaminBenjamin
76.6%
BriellaGabriella
74.9%
RolineCaroline
73.6%
ToriaVictoria
73.6%
DreyAudrey
73.5%
MeronCameron
73.4%
BerlyKimberly
73.1%
PhiaSophia
72.5%
TalieNatalie
72.4%
PherChristopher
69.3%
CelynJocelyn
62.1%
DelynMadelyn
54.9%
KlynBrooklyn
51.8%
VierXavier
48.5%
LianJulian
34%

You're not logged in!

Compare scores with friends on all Sporcle quizzes.
Join for Free
OR
Log In

You Might Also Like...

Show Comments

Extras

Top Quizzes Today


Score Distribution

Your Account Isn't Verified!

In order to create a playlist on Sporcle, you need to verify the email address you used during registration. Go to your Sporcle Settings to finish the process.

Report this User

Report this user for behavior that violates our Community Guidelines.

Details: